000 00467nam a2200181Ia 4500
001 24567
005 20260414151052.0
008 260414t2014||||xx |||||||||||||| ||spa||
041 _aESP
082 _a345.721
_bB141 V. 15
100 _aEstudio Mario Castillo Freyre
_eAUT
245 0 _aArbitraje :
_bla anulación del laudo. Segunda parte
260 _c2014
300 _a308 páginas :
_c24 cm.
650 _aDER
654 _aCDE
942 _cLIB
_dJUS
_fJUS
_2ddc
_n
999 _c24567
_d24567